000 00387ntaaa2200157 4500
003 01
005 20251027201943.0
008 0714s1973 ag 01
040 _aAR-BaBN
_bspa
_cAR-BaBN
_eaacr
_dRIC
082 _a248.0000 F382
100 _aFerré, F. S.
_918127
245 _aStrengthening the spiritual life
250 _a1 ed. :
_bs.l.,
_cn.f.
650 _aVida Cristiana
942 _cBK
999 _c14275
_d14275